| 000 | 00575nam a2200205 a 4500 | ||
|---|---|---|---|
| 005 | 20210219152930.0 | ||
| 008 | 991125n 000 0 u | ||
| 035 | _aUPN01000067395 | ||
| 100 | 1 | _aIbrahim, Farah A | |
| 222 | 0 | _aJOURNAL OF HUMANISTIC EDUCATION AND DEVELOPMENT | |
| 245 | 0 | 0 | _aChildren's rights in a pluralistic society |
| 300 | _a64-72 | ||
| 362 | 0 | _a1992 Vol. 31, no. 2 | |
| 653 | 0 | _aDEMOGRAFIA | |
| 653 | 0 | _aDERECHOS DEL NIÑO | |
| 653 | 0 | _aPLURALISMO CULTURAL | |
| 653 | 0 | _aTENDENCIAS DE LA POBLACION | |
| 904 |
_aAC _b005206 |
||
| 905 | _aArticulo | ||
| 999 |
_c64005 _d64005 |
||